| 000 | 00505nam a22001577a 4500 | ||
|---|---|---|---|
| 003 | macl | ||
| 005 | 20221207152213.0 | ||
| 008 | 221207b |||||||| |||| 00| 0 eng d | ||
| 040 | _cmacl | ||
| 082 | _a320 | ||
| 100 |
_aदृष्टि The vision _981593 |
||
| 245 | _aअंतर्राष्ट्रीय संबंध Notes [25] 2020 | ||
| 260 |
_bदृष्टि The vision _c2020 |
||
| 650 |
_aअंतर्राष्ट्रीय संबंध _981587 |
||
| 942 |
_2ddc _cHIN |
||
| 999 |
_c65725 _d65725 |
||